000 00741nam a2200217 a 4500
001 BRCA_6848
005 20190320205621.0
008 091111s1889----gw-#######---#000-0#ger-#
041 _ager
044 _agw
050 4 _aGV1549
_b.H6 1889
100 1 _aPaoli, Carlo
_917078
245 1 0 _aDer vollkommene Kartenkünstler und Rechenmeister
_beine Sammlung der vorzüglichsten und wirkungsvollsten Karten- und Rechenkunststucke, zur Unterhaltung in geselligen Kreisen
_cvon Carlo Paoli.
260 _aReutlingen
_bEnszlin & Laiblins
_c[1889]
300 _a64 p.
_c13 cm.
500 _aEstado físico: portada desprendida
500 _aL134
650 1 4 _aTrucos de barajas
_vGuías, manuales, etc.
_917079
902 _aGFM
942 _2lcc
_cB
999 _c6531
_d6531